<?xml version="1.0" encoding="UTF-8"?>
<record
    xmlns:xsi="http://www.w3.org/2001/XMLSchema-instance"
    xsi:schemaLocation="http://www.loc.gov/MARC21/slim http://www.loc.gov/standards/marcxml/schema/MARC21slim.xsd"
    xmlns="http://www.loc.gov/MARC21/slim">

  <leader>00908nam a22002537a 4500</leader>
  <controlfield tag="005">20170123164141.0</controlfield>
  <datafield tag="010" ind1=" " ind2=" ">
    <subfield code="a">B-210358</subfield>
  </datafield>
  <datafield tag="020" ind1=" " ind2=" ">
    <subfield code="c">95.00</subfield>
  </datafield>
  <datafield tag="035" ind1=" " ind2=" ">
    <subfield code="a">B-210358</subfield>
  </datafield>
  <datafield tag="037" ind1=" " ind2=" ">
    <subfield code="a">Cen Lib / Ret</subfield>
  </datafield>
  <datafield tag="040" ind1=" " ind2=" ">
    <subfield code="a">DPL</subfield>
    <subfield code="b">PN</subfield>
  </datafield>
  <datafield tag="082" ind1=" " ind2=" ">
    <subfield code="a">&#xA09;</subfield>
    <subfield code="b">&#xA38;&#xA1F;&#xA4B;&#xA15;</subfield>
  </datafield>
  <datafield tag="100" ind1=" " ind2=" ">
    <subfield code="a">&#xA38;&#xA1F;&#xA4B;&#xA15;&#xA30;, &#xA2C;&#xA4D;&#xA30;&#xA3E;&#xA2E; </subfield>
    <subfield code="9">134463</subfield>
  </datafield>
  <datafield tag="245" ind1=" " ind2=" ">
    <subfield code="a">&#xA21;&#xA4D;&#xA30;&#xA48;&#xA15;&#xA41;&#xA32;&#xA3E; /</subfield>
    <subfield code="c">&#xA2C;&#xA4D;&#xA30;&#xA3E;&#xA2E; &#xA38;&#xA1F;&#xA4B;&#xA15;&#xA30;</subfield>
  </datafield>
  <datafield tag="246" ind1=" " ind2=" ">
    <subfield code="a">Dracula /</subfield>
    <subfield code="b">by Bram stoker</subfield>
  </datafield>
  <datafield tag="260" ind1=" " ind2=" ">
    <subfield code="a">&#xA1A;&#xA70;&#xA21;&#xA40;&#xA17;&#xA5C;</subfield>
    <subfield code="b">&#xA32;&#xA4B;&#xA15; &#xA17;&#xA40;&#xA24; &#xA2A;&#xA4D;&#xA30;&#xA15;&#xA3E;&#xA38;&#xA3C;&#xA28;</subfield>
    <subfield code="c">2005</subfield>
  </datafield>
  <datafield tag="270" ind1=" " ind2=" ">
    <subfield code="a">&#xA05;&#xA4C;&#xA38;.&#xA38;&#xA40;.&#xA13;. 26,27, &#xA38;&#xA48;&#xA15;&#xA1F;&#xA30; 34 &#xA0F;,</subfield>
    <subfield code="b">&#xA1A;&#xA70;&#xA21;&#xA40;&#xA17;&#xA5C;</subfield>
    <subfield code="e">160022</subfield>
  </datafield>
  <datafield tag="300" ind1=" " ind2=" ">
    <subfield code="a">151p.</subfield>
    <subfield code="c">23cm(pbk)</subfield>
  </datafield>
  <datafield tag="650" ind1=" " ind2=" ">
    <subfield code="a">&#xA2A;&#xA70;&#xA1C;&#xA3E;&#xA2C;&#xA40; &#xA38;&#xA3E;&#xA39;&#xA3F;&#xA24;-&#xA28;&#xA3E;&#xA35;&#xA32;</subfield>
    <subfield code="9">134464</subfield>
  </datafield>
  <datafield tag="650" ind1=" " ind2=" ">
    <subfield code="a">&#xA2A;&#xA70;&#xA1C;&#xA3E;&#xA2C;&#xA40; &#xA38;&#xA3E;&#xA39;&#xA3F;&#xA24;</subfield>
    <subfield code="9">134465</subfield>
  </datafield>
  <datafield tag="650" ind1=" " ind2=" ">
    <subfield code="a">Punjabi Literature-Novel</subfield>
    <subfield code="9">1580</subfield>
  </datafield>
  <datafield tag="650" ind1=" " ind2=" ">
    <subfield code="a">Punjabi Literature</subfield>
    <subfield code="9">134466</subfield>
  </datafield>
  <datafield tag="942" ind1=" " ind2=" ">
    <subfield code="2">ddc</subfield>
    <subfield code="c">PN</subfield>
    <subfield code="h">&#xA09;</subfield>
    <subfield code="m">&#xA38;&#xA1F;&#xA4B;&#xA15;</subfield>
  </datafield>
  <datafield tag="999" ind1=" " ind2=" ">
    <subfield code="c">109678</subfield>
    <subfield code="d">109678</subfield>
  </datafield>
  <datafield tag="952" ind1=" " ind2=" ">
    <subfield code="0">0</subfield>
    <subfield code="1">0</subfield>
    <subfield code="4">0</subfield>
    <subfield code="7">0</subfield>
    <subfield code="a">L</subfield>
    <subfield code="b">L</subfield>
    <subfield code="d">2015-06-10</subfield>
    <subfield code="e">Cen Lib /Ret</subfield>
    <subfield code="g">95.00</subfield>
    <subfield code="l">1</subfield>
    <subfield code="o">&#xA09; &#xA38;&#xA1F;&#xA4B;&#xA15;</subfield>
    <subfield code="p">B-210358</subfield>
    <subfield code="r">2025-09-09 00:00:00</subfield>
    <subfield code="s">2025-08-26</subfield>
    <subfield code="t">1</subfield>
    <subfield code="v">95.00</subfield>
    <subfield code="w">2016-09-15</subfield>
    <subfield code="y">PN</subfield>
  </datafield>
</record>
